Bất đẳng thức vi phân

Các kiến thức liên quan; Bất đẳng thức vi phân thường cấp một; Bất đẳng thức vi phân thường cấp cao...

সংরক্ষণ করুন:
গ্রন্থ-পঞ্জীর বিবরন
প্রধান লেখক: Nguyễn Ngọc Hoan
অন্যান্য লেখক: Nguyễn Duy Thái Sơn TS. (Hướng dẫn)
বিন্যাস: গ্রন্থ
ভাষা:Vietnamese
প্রকাশিত: Đà Nẵng Đại học Đà Nẵng 2013
বিষয়গুলি:
ট্যাগগুলো: ট্যাগ যুক্ত করুন
কোনো ট্যাগ নেই, প্রথমজন হিসাবে ট্যাগ করুন!
Thư viện lưu trữ: Mạng thư viện Đại học Đà Nẵng
LEADER 01542nam a2200349 4500
001 000019224
003 15659
005 20140404090408.0
008 140404s2013 viesd
041 |a vie 
082 1 4 |a 515.36  |b NG-H 
100 |a Nguyễn Ngọc Hoan 
245 |a Bất đẳng thức vi phân  |c Nguyễn Ngọc Hoan ; Nguyễn Duy Thái Sơn hướng dẫn.  |k Luận văn Thạc sĩ 
260 |a Đà Nẵng  |b Đại học Đà Nẵng  |c 2013 
300 |a 80 tr., phụ lục 3 tr.  |c 29 cm.  |e Tóm tắt 
500 |a Luận văn thạc sĩ Khoa học. Chuyên ngành : phương pháp Toán sơ cấp. Mã số: 60.46.40. 
520 |a Các kiến thức liên quan; Bất đẳng thức vi phân thường cấp một; Bất đẳng thức vi phân thường cấp cao... 
650 0 4 |a Bất đẳng thức vi phân  |v Luận văn tốt nghiệp  |x Giả tích học 
653 |a Phương pháp toán sơ cấp 
653 |a Bất đẳng thức vi phân 
653 |a Giả tích học 
700 |a Nguyễn Duy Thái Sơn  |c TS.  |e Hướng dẫn 
OWN |a LSP 
AVA |a UDN50  |b LSP  |d 515.36 NG-H  |e available  |t Error 5001 Not defined in file expand_doc_bib_avail.  |f 1  |g 0  |h N  |i 0  |k 1 
999 |a From the UDN01 
AVA |a UDN50  |b LSP  |d 515.36 NG-H  |e available  |t Error 5001 Not defined in file expand_doc_bib_avail.  |f 1  |g 0  |h N  |i 0  |k 1 
TYP |a Monograph 
TYP |a Printed language 
980 |a Mạng thư viện Đại học Đà Nẵng